Estudios sobre el nacimiento y desarrollo del capitalismo / (Record no. 61041)

MARC details
000 -LEADER
campo de control de longitud fija 00735nam a2200217 i 4500
001 - NÚMERO DE CONTROL
campo de control 61041
003 - IDENTIFICADOR DE NÚMERO DE CONTROL
campo de control ES-MaACL
005 - FECHA Y HORA DE LA ÚLTIMA TRANSACCIÓN
campo de control 20230906164344.0
007 - CAMPO FIJO DE DESCRIPCIÓN FÍSICA--INFORMACIÓN GENERAL
campo de control de longitud fija t|
008 - DATOS DE LONGITUD FIJA--INFORMACIÓN GENERAL
campo de control de longitud fija 031110s1972 sp ||||1| spa d
245 00 - MENCIÓN DEL TÍTULO
Título Estudios sobre el nacimiento y desarrollo del capitalismo /
Mención de responsabilidad, etc. David S. Landes ... [et al.] ; [traductores: Jorge Fabra Ultray, Leopoldo Pérez Pita, Geneviève Corcelle].
250 ## - MENCION DE EDICION
Mención de edición 2ª ed.
260 ## - PUBLICACIÓN, DISTRIBUCIÓN, ETC.
Lugar de publicación, distribución, etc. [Madrid] :
Nombre del editor, distribuidor, etc. Ayuso,
Fecha de publicación, distribución, etc. [1972]
300 ## - DESCRIPCIÓN FÍSICA
Extensión 193 p. ;
Dimensiones 19 cm.
650 04 - PUNTO DE ACCESO ADICIONAL DE MATERIA--TÉRMINO DE MATERIA
Término de materia o nombre geográfico como elemento de entrada Capitalismo.
9 (RLIN) 10760
700 1# - ENTRADA AGREGADA--NOMBRE PERSONAL
Nombre de persona Landes, David S.
9 (RLIN) 69945
700 1# - ENTRADA AGREGADA--NOMBRE PERSONAL
Nombre de persona Fabra Ultray, Jorge.
9 (RLIN) 48529
700 1# - ENTRADA AGREGADA--NOMBRE PERSONAL
Nombre de persona Pérez Pita, Leopoldo.
9 (RLIN) 91088
700 1# - ENTRADA AGREGADA--NOMBRE PERSONAL
Nombre de persona Corcelle, Geneiève.
9 (RLIN) 40477
852 ## - LOCALIZACIÓN
Ubicación ES-MaACL
Número de control de estantería E-81699
Sublocalización o colección R.92485
Holdings
Estatus retirado Estado de pérdida Estado de daño No para préstamo Biblioteca de origen Biblioteca actual Ubicación en estantería Fecha de adquisición Fuente de adquisición Total de préstamos Signatura topográfica completa Código de barras Visto por última vez Precio de reemplazo Tipo de ítem Koha
        Biblioteca del Ateneo de Madrid Biblioteca del Ateneo de Madrid Depósito 2 17/01/2008     E-81699 1064011 23/02/2023 23/02/2023 Libro impreso